| 000 | 01813nam a2200253Ia 4500 | ||
|---|---|---|---|
| 008 | 260220t1996||||xx |||||||||||||| ||spa|| | ||
| 040 |
_aPY-SlUNAC _bspa _erda |
||
| 041 | _aspa | ||
| 082 |
_a658.403 3 _bM262i |
||
| 100 |
_aMaddala, G. S. _eAutor |
||
| 245 | 0 |
_aIntroducción a la econometría / _cpor G. S. Maddala [Autor] |
|
| 250 | _aSegunda edición | ||
| 264 |
_aCiudad de México : _bPrentice-Hall, _c℗1996. |
||
| 300 | _a1 volumen | ||
| 520 | _aEn "Introducción a la econometría", G. S. Maddala ofrece un enfoque integral y accesible a los principios y técnicas fundamentales de la econometría, disciplina que combina métodos estadísticos y económicos para el análisis de datos. El autor destaca la importancia de la formulación de modelos econométricos y la estimación de parámetros mediante métodos como Mínimos Cuadrados Ordinarios (MCO) y máxima verosimilitud. Además, Maddala aborda temas como la multicolinealidad, heterocedasticidad y autocorrelación, que son cruciales para garantizar la validez de los modelos. A lo largo del texto, se presentan ejemplos prácticos y aplicaciones reales que facilitan la comprensión de conceptos complejos. El libro también incluye ejercicios y problemas que permiten reforzar el aprendizaje y aplicar las técnicas discutidas. En conjunto, la obra es un recurso valioso tanto para estudiantes como para profesionales interesados en el análisis cuantitativo en economía, proporcionando herramientas necesarias para enfrentar los desafíos en la investigación empírica. | ||
| 653 | _aEconometría | ||
| 653 | _aEconomía | ||
| 653 | _aModelos econométricos | ||
| 942 |
_b2026/02/17 _cBK |
||
| 999 |
_c8784 _d8784 |
||